[Event "BL 2016-17"]
[Site "St. Veit/Glan"]
[Date "2017.03.26"]
[Round "8"]
[White "Gelbenegger, Patrick"]
[Black "Gerhold, Michael"]
[Result "0-1"]
[WhiteElo "2054"]
[BlackElo "2221"]
[Annotator "NA"]
[PlyCount "122"]
[EventDate "2017.??.??"]
[EventType "team-tourn"]
[EventCountry "AUT"]
[SourceTitle "playchess.com"]
[Source "ChessBase"]
[SourceQuality "1"]
[WhiteTeam "St. Valentin"]
[BlackTeam "Absam"]
[TimeControl "40/5400+30:1800+30"]

1. e4 {[%emt 0:00:00]} e6 {[%emt 0:00:04]} 2. d4 {[%emt 0:00:00]} d5 {[%emt 0:00:08]} 3. Nd2 {[%emt 0:00:00]} a6 {[%emt 0:00:38]} 4. c3 {[%emt 0:06:02]} c5 {[%emt 0:00:06]} 5. exd5 {[%emt 0:02:57]} exd5 {[%emt 0:00:05]} 6. Ngf3 {[%emt 0:01:06]} Nf6 {[%emt 0:00:36] C08: French Tarrasch: 3...c5 4 exd5 exd5 sidelines} (6... Nc6 7. dxc5 Bxc5 8. Nb3 Bb6 9. Nfd4 Nf6 10. Bg5 O-O 11. Be2 h6 12. Bh4 g5 13. Bg3 Ne4 14. f3 Nxg3 15. hxg3 {0-1 (51) Dvalishvili,P (2450)-Grachev,B (2668) Moscow 2010}) 7. Be2 {[%emt 0:07:03]} Nc6 {[%emt 0:00:19]} 8. O-O {[%emt 0:06:32]} cxd4 {[%emt 0:02:55]} 9. Nxd4 {[%emt 0:00:32]} Nxd4 {[%emt 0:00:05]} 10. cxd4 {[%emt 0:00:11]} Bd6 {[%emt 0:00:23]} 11. Bf3 {[%emt 0:06:15]} O-O {[%emt 0:01:20]} 12. Re1 {[%emt 0:00:36]} Be6 $146 {[%emt 0:10:05]} (12... Qb6 13. Nf1 Bf5 14. Bg5 {0-1 (46) Bakalarz,L-Vicinic,P (2315) Naleczow 1986}) 13. Qb3 {[%emt 0:07:03]} Qd7 {[%emt 0:03:35]} 14. Nf1 {[%emt 0:03:06]} Rac8 {[%emt 0:17:02]} 15. Ne3 {[%emt 0:03:32]} Bb8 {[%emt 0:03:33]} 16. Bd2 {[%emt 0:08:38]} Ba7 {[%emt 0:03:50]} 17. Bb4 {[%emt 0:04:37]} Rfe8 {[%emt 0:05:33]} 18. Qd3 {[%emt 0:02:38]} h6 {[%emt 0:05:37]} 19. Rac1 {[%emt 0:06:21]} Rc6 {[%emt 0:07:59]} 20. Rxc6 {[%emt 0:06:26]} Qxc6 {[%emt 0:00:29]} 21. Bd1 {[%emt 0:13:57]} Rc8 {[%emt 0:05:19]} 22. Bb3 {[%emt 0:03:14]} Qd7 {[%emt 0:00:51]} 23. f3 {[%emt 0:01:03]} Nh5 {[%emt 0:01:38]} 24. Bc2 {[%emt 0:02:45]} g6 {[%emt 0:00:16]} 25. g3 {[%emt 0:00:38]} Ng7 {[%emt 0:01:43]} 26. Bb3 {[%emt 0:00:51]} h5 {[%emt 0:02:27]} 27. Qd2 {[%emt 0:01:00]} Qd8 {[%emt 0:02:46]} 28. Kg2 {[%emt 0:01:12]} h4 {[%emt 0:03:19]} 29. Bxd5 {[%emt 0:05:24]} Bxd5 {[%emt 0:00:42]} 30. Be7 {[%emt 0:00:44]} h3+ {[%emt 0:06:42]} 31. Kg1 {[%emt 0:00:17]} Qxe7 {[%emt 0:01:10]} 32. Nxd5 {[%emt 0:00:26]} Qd8 {[%emt 0:04:22]} 33. Ne7+ {[%emt 0:00:38]} Kh7 {[%emt 0:00:37]} 34. Nxc8 {[%emt 0:00:06]} Qxc8 {[%emt 0:00:06]} 35. Kh1 {[%emt 0:00:16]} Qf5 {[%emt 0:01:42]} 36. Re3 {[%emt 0:01:16]} Ne6 {[%emt 0:00:31]} 37. Rd3 {[%emt 0:00:29]} Nxd4 {[%emt 0:00:52]} 38. Qd1 {[%emt 0:00:22]} g5 {[%emt 0:03:07]} 39. g4 {[%emt 0:00:37]} Qe5 {[%emt 0:01:27]} 40. Qf1 {[%emt 0:00:00]} Kg7 {[%emt 0:00:26]} 41. Rd1 {[%emt 0:05:43]} Ne6 {[%emt 0:06:33]} 42. Qxh3 {[%emt 0:01:49]} Nf4 {[%emt 0:01:13]} ({Not} 42... Qxb2 43. Qg2 Qc3 44. Qf1 $19) 43. Qf1 {[%emt 0:00:13]} Qxb2 {[%emt 0:00:09]} 44. Rb1 {[%emt 0:00:59]} Qxa2 {[%emt 0:01:23]} 45. Rxb7 {[%emt 0:00:52]} Bd4 {[%emt 0:03:02]} 46. Rb4 {[%emt 0:02:01]} Ne6 {[%emt 0:00:51]} 47. Rb1 {[%emt 0:02:49]} Be5 {[%emt 0:01:51]} 48. Qg1 {[%emt 0:01:54]} Qe2 {[%emt 0:02:33]} 49. Qg2 {[%emt 0:00:38]} Qd3 {[%emt 0:03:55]} 50. Re1 $19 {[%emt 0:01:12]} Bc3 {[%emt 0:01:52]} 51. Rf1 {[%emt 0:02:16]} Nf4 {[%emt 0:01:06]} 52. Qf2 {[%emt 0:01:04]} Bd4 {[%emt 0:00:18]} 53. Qe1 {[%emt 0:00:43]} Qc2 {[%emt 0:00:16]} 54. Qg3 {[%emt 0:00:37]} a5 {[%emt 0:04:00]} 55. h4 {[%emt 0:01:34]} Qd3 {[%emt 0:03:59]} 56. Re1 {[%emt 0:01:40]} Bc3 {[%emt 0:00:41]} 57. Re8 {[%emt 0:02:48]} Qd1+ {[%emt 0:02:21]} 58. Kh2 {[%emt 0:00:16]} Qd2+ {[%emt 0:00:16]} 59. Kh1 {[%emt 0:00:36]} gxh4 {[%emt 0:00:11]} 60. Qg1 {[%emt 0:01:08]} Bd4 {[%emt 0:02:35]} 61. Qf1 {[%emt 0:01:38]} h3 {[%emt 0:00:16]} 0-1

[Event "BL 2016-17"]
[Site "Germany"]
[Date "2017.02.19"]
[Round "8.1"]
[White "Svidler, Peter"]
[Black "Van Foreest, Jorden"]
[Result "1-0"]
[WhiteElo "2748"]
[BlackElo "2584"]
[Annotator "TA"]
[PlyCount "81"]
[EventDate "2017.??.??"]
[EventType "team-tourn"]
[EventCountry "GER"]
[SourceTitle "playchess.com"]
[Source "ChessBase"]
[SourceQuality "1"]
[WhiteTeam "Baden-Baden"]
[BlackTeam "Aufwärts Aachen"]

{[%evp 12,81,10,8,30,18,25,36,25,19,57,47,101,58,94,27,45,45,48,37,67,0,97,87,88,103,122,121,113,119,107,110,102,126,124,128,111,118,188,180,197,187,405,183,193,236,237,209,239,252,243,236,247,259,231,202,637,621,767,750,729,680,630,597,615,589,564,517,774,774,29979,29980]} 1. e4 c5 2. Nf3 e6 3. d3 Nc6 4. g3 Nf6 5. Bg2 Be7 6. O-O O-O 7. e5 {LiveBook: 4 Games} Ng4 8. Re1 f6 9. exf6 {White has an edge.} Nxf6 10. c4 Qb6 11. Nc3 d6 ({Black should try} 11... a6 $14) 12. a3 e5 13. Be3 (13. b4 $1 $16) 13... Bg4 14. h3 Bh5 {[#]} ({Not} 14... Qxb2 $2 15. Na4 (15. hxg4 Qxc3 16. Qb1 e4 $16) 15... Qxa1 16. Qxa1 $18) 15. b4 $1 {[%mdl 512]} Qd8 (15... cxb4 16. Bxb6) 16. g4 ({White should play} 16. Rb1 $14) 16... Bg6 ({But not} 16... cxb4 $2 17. axb4 Bf7 18. b5 $16) (16... Nxg4 $1 $11 17. hxg4 Bxg4) 17. Nh4 Bf7 18. Nf5 Rc8 19. f4 $36 {[%mdl 2048] White is really pushing.} b6 20. Qa4 Be8 21. b5 Nd4 22. Bxd4 cxd4 23. Nd5 Nxd5 24. Bxd5+ ({And not} 24. cxd5 Bf6 25. Rac1 Rc3 $17) 24... Kh8 (24... Bf7 $16) 25. Qxa7 $18 Bf6 26. fxe5 Rc7 $2 (26... dxe5 {was called for.} 27. a4 Bg6) 27. Qa8 (27. Qxb6 $142 dxe5 28. a4) 27... Qxa8 28. Bxa8 Bxe5 29. a4 $1 g6 {[#]} 30. Rxe5 $1 dxe5 31. Nd6 Bd7 32. Bd5 Ra7 33. Ra2 Rf6 $2 {[#]} (33... e4) 34. c5 $1 {[%mdl 512]} bxc5 {[#]} 35. b6 $1 {[%cal Rb6a7]} Ra5 36. b7 Rf8 {If only Black now had time for ...Rb8....} 37. Nf7+ Kg7 38. Nxe5 Bxa4 {[#]} 39. Nd7 $1 {[%mdl 512]} Bxd7 40. Rxa5 {Strongly threatening Ra8.} c4 41. Ra8 1-0

[Event "BL 2016-17"]
[Site "Germany"]
[Date "2017.02.19"]
[Round "8.1"]
[White "Kantans, Toms"]
[Black "Parligras, Mircea-Emilian"]
[Result "0-1"]
[WhiteElo "2449"]
[BlackElo "2603"]
[Annotator "TA"]
[PlyCount "84"]
[EventDate "2017.??.??"]
[EventType "team-tourn"]
[EventCountry "GER"]
[SourceTitle "playchess.com"]
[Source "ChessBase"]
[SourceQuality "1"]
[WhiteTeam "Speyer-Schwegenheim"]
[BlackTeam "SG Trier"]

{[%evp 12,84,26,24,37,11,43,20,20,-10,0,-25,-14,0,0,0,0,-4,-7,-31,7,11,10,-47,-54,-52,-46,-46,-46,-53,-45,-60,-59,-73,-69,-72,-68,-56,-41,-56,-58,-125,-124,-192,-103,-111,-128,-343,-362,-341,-335,-1005,-1012,-981,-982,-947,-940,-1099,-1118,-1114,-1115,-1084,-1068,-1077,-1072,-1004,-1001,-962,-948,-8437,-8437,-8436,-8437,-5497,-5480]} 1. e4 e5 2. Nf3 Nc6 3. Bb5 {??.} a6 4. Ba4 d6 5. O-O Bd7 6. d4 exd4 7. Nxd4 Be7 8. Nc3 Bf6 9. Nde2 Nge7 10. Nd5 Nxd5 11. exd5 Ne5 12. Bxd7+ Nxd7 13. a4 O-O 14. a5 Re8 15. Ra3 Qe7 16. Ng3 g6 17. Bh6 ({White should try} 17. Re3 $11 Qf8 18. Qg4) 17... Bxb2 $15 18. Rb3 Bf6 $36 {[%mdl 2048] White is under pressure.} 19. Rxb7 Nc5 20. Rb4 Bg5 21. Bxg5 Qxg5 22. f4 Qh4 $1 23. Qf3 f5 24. Ne2 Qf6 25. Rfb1 Kf7 26. Nc3 (26. Nd4 $15) 26... Re7 $1 $17 {White must now prevent ...Rae8.} 27. Na4 (27. Rc4 $17) 27... Ne4 (27... Rae8 $1 $19 {Strongly threatening ...Re4.} 28. Nxc5 dxc5) 28. Qd3 Rae8 29. Qd4 $2 ({Wrong is} 29. Qxa6 $2 Nd2 30. Qd3 Qh4 $19) (29. Rf1 $17) 29... Qh4 $1 $19 30. Rf1 {[#]} Nf6 $1 {[%cal Be4f6,Bf6g4,Bg4e3][%mdl 32]} 31. Nc3 $2 {[#]} (31. Qf2 Qxf2+ 32. Rxf2) 31... Ng4 $1 {[%csl Gg4][%cal Rh4h2] Black is clearly winning.} 32. h3 Ne3 33. Rf2 {[#]} Nxg2 $1 {[%mdl 512] ( -> ...Qg3)} 34. Kxg2 (34. Rxg2 Re1+) 34... Re3 35. Rf3 Rxf3 36. Kxf3 Qxh3+ 37. Kf2 Qh2+ 38. Kf1 Qh1+ 39. Kf2 Re1 40. Rc4 Qg1+ 41. Kf3 Rf1+ 42. Ke2 Qg2+ 0-1

[Event "BL 2016-17"]
[Site "Germany"]
[Date "2017.02.19"]
[Round "8.2"]
[White "Gledura, Benjamin"]
[Black "Meskovs, Nikita"]
[Result "1/2-1/2"]
[WhiteElo "2583"]
[BlackElo "2490"]
[Annotator "TA"]
[PlyCount "93"]
[EventDate "2017.??.??"]
[EventType "team-tourn"]
[EventCountry "GER"]
[SourceTitle "playchess.com"]
[Source "ChessBase"]
[SourceQuality "1"]
[WhiteTeam "SG Trier"]
[BlackTeam "Speyer-Schwegenheim"]

{[%evp 19,93,14,10,7,10,10,5,5,38,19,39,58,77,70,94,26,15,25,87,87,87,91,122,112,122,115,112,114,122,122,122,122,122,122,122,122,122,79,91,91,97,98,98,98,99,99,99,99,119,70,77,77,92,93,66,26,26,26,26,0,0,0,0,0,0,0,0,0,0,0,0,0,0,0,0,0]} 1. d4 Nf6 2. Nf3 e6 3. g3 b6 4. Bg2 Bb7 5. O-O Be7 6. c4 O-O 7. Re1 Na6 8. Nc3 Ne4 9. Bd2 d5 10. cxd5 exd5 {LiveBook: 4 Games} 11. Rc1 Re8 12. a3 c5 13. Bf4 Bf8 14. h4 Nc7 15. dxc5 Nxc3 16. Rxc3 {Strongly threatening c6.} ({But not} 16. bxc3 $6 Bxc5 17. Qb3 Ne6 $11) 16... bxc5 {[#]} 17. Qb3 ({Better is} 17. Rb3 $1 $16 {[%cal Rb3b7]} Qc8 18. Ng5) 17... Rb8 $11 18. Qa4 Bd6 (18... a6 $11 {remains equal.}) 19. Bxd6 $16 Qxd6 20. Qxa7 Ne6 {[#]} 21. Ng5 $1 Nxg5 22. hxg5 d4 23. Qxc5 Qxc5 24. Rxc5 Bxg2 25. Kxg2 {b4 is the strong threat.} Rxb2 {[%mdl 4096] Endgame KRR-KRR} 26. Rd5 Ra2 27. Rxd4 Rxa3 28. Rd6 Ra5 29. f4 Ra2 30. Kf3 Ra3+ 31. e3 g6 32. g4 Kg7 33. Rd7 Kg8 34. Kf2 Kg7 35. Re2 Re4 36. Kf3 Re8 37. f5 gxf5 $1 38. gxf5 {aiming for Rd1.} Ra1 $1 39. e4 Rf1+ {The position is equal.} 40. Kg4 Rg1+ 41. Kh4 Rh1+ 42. Kg4 Rg1+ 43. Kf3 Rf1+ 44. Kg3 Rxf5 45. exf5 Rxe2 46. Rd8 Re1 47. Kf4 1/2-1/2

[Event "BL 2016-17"]
[Site "Germany"]
[Date "2017.02.19"]
[Round "8.2"]
[White "Donchenko, Alexander"]
[Black "Kasimdzhanov, Rustam"]
[Result "1/2-1/2"]
[WhiteElo "2553"]
[BlackElo "2699"]
[Annotator "TA RC"]
[PlyCount "132"]
[EventDate "2017.??.??"]
[EventType "team-tourn"]
[EventCountry "GER"]
[SourceTitle "playchess.com"]
[Source "ChessBase"]
[SourceQuality "1"]
[WhiteTeam "Aufwärts Aachen"]
[BlackTeam "Baden-Baden"]

{[%evp 17,132,-29,-20,-34,-22,-21,-32,-41,-20,-25,-24,-58,-50,-75,-73,-81,-73,-79,-51,-78,-65,-92,-89,-83,-52,-87,-64,-77,-67,-69,-75,-76,-78,-81,-81,-73,-48,-48,-48,-48,-48,-48,-56,-63,-43,-52,-44,-90,-87,-100,-58,-81,-81,-81,-81,-81,-81,-81,-81,-81,-56,-56,-35,-63,-48,-56,-48,-48,-48,-82,-68,-72,-72,-100,-87,-76,-76,-77,-77,-79,-77,-83,-102,-101,-17,-17,-9,-9,-9,-11,-14,-12,-17,-16,-14,-45,-27,-19,0,-37,0,-39,-23,-27,-8,-8,-8,-19,0,0,0,0,0,0,0,0,0]} 1. Nf3 d5 2. g3 g6 3. Bg2 Bg7 4. c4 dxc4 5. Qa4+ Nc6 6. Qxc4 e5 7. d3 Nge7 8. O-O O-O 9. Nc3 h6 {LiveBook: 17 Games} 10. Qh4 Nd4 11. Nxd4 exd4 12. Ne4 Nd5 13. Qxd8 Rxd8 14. Rb1 a5 15. Re1 a4 16. Bf3 b6 17. g4 Be6 18. a3 Ra7 19. Bd2 c5 20. Rec1 Ne7 21. h3 Kh7 22. Bf4 Ba2 23. Ra1 Bd5 24. Rab1 f5 25. gxf5 gxf5 26. Nd2 Bxf3 27. Nxf3 ({Don't play} 27. exf3 Ng6 28. Bh2 Ne5 29. Bxe5 Bxe5 $19) 27... Nd5 28. Bd2 Bf6 29. Rc4 Re8 30. Kf1 Kg6 31. b4 axb3 $1 32. Rxb3 Bg5 {aiming for ...Bxd2.} 33. Rc2 Re6 34. Rcb2 Ra6 35. Be1 Bc1 36. Ra2 {[#]} Ra4 $1 37. Ra1 Bf4 38. Rab1 Kf7 39. Bd2 Bc7 40. Re1 f4 41. Rc1 Re8 42. Rc4 Rea8 43. Rxa4 Rxa4 44. Kg2 Ke6 45. Ne1 Kd7 46. Kf3 Kc6 47. Nc2 Ra8 48. Rb1 Rg8 49. a4 Ne7 50. Rc1 Kd5 (50... Ng6 $17 {( -> ...Nh4+)} 51. Kg2 {[#]} f3+ $1 {[%mdl 512]} 52. Kh1 Kb7) 51. Bxf4 $11 Rf8 52. e4+ dxe3 $1 53. fxe3 Ng6 {[%cal Rc7f4]} 54. Ke2 Bxf4 55. exf4 Nxf4+ {[%mdl 4096] Endgame KRN-KRN} 56. Ke3 Ng2+ 57. Ke2 Nf4+ 58. Ke3 Ng2+ 59. Ke2 $1 Ra8 60. Ra1 Nf4+ 61. Ke3 {The position is equal.} Ne6 62. Kd2 Rf8 63. Ne3+ Kd4 64. Nc2+ Kd5 65. Ne3+ Kd4 66. Nc2+ Kd5 1/2-1/2

[Event "BL 2016-17"]
[Site "Germany"]
[Date "2017.02.19"]
[Round "8.3"]
[White "Bacrot, Etienne"]
[Black "Swinkels, Robin"]
[Result "1-0"]
[WhiteElo "2695"]
[BlackElo "2485"]
[Annotator "TA"]
[PlyCount "59"]
[EventDate "2017.??.??"]
[EventType "team-tourn"]
[EventCountry "GER"]
[SourceTitle "playchess.com"]
[Source "ChessBase"]
[SourceQuality "1"]
[WhiteTeam "Baden-Baden"]
[BlackTeam "Aufwärts Aachen"]

{[%evp 31,59,83,70,39,39,55,60,52,69,55,111,95,106,105,115,112,458,451,666,663,668,640,906,898,875,872,808,775,724,606]} 1. e4 c5 2. Nf3 d6 3. d4 cxd4 4. Nxd4 Nf6 5. Nc3 Nc6 6. Bg5 e6 7. Qd2 a6 8. O-O-O Bd7 9. f4 {[%cal Bf2f4,Bf4f5][%mdl 32]} b5 10. Bxf6 gxf6 11. Kb1 Qb6 12. Nxc6 Bxc6 13. f5 b4 14. Ne2 e5 15. Ng3 h5 16. h4 Bh6 {LiveBook: 9 Games} 17. Qe2 Ke7 18. Nxh5 b3 {White is slightly better.} 19. axb3 {Threatens to win with g4.} a5 $1 20. Qd3 Rhd8 {[#]} (20... Bb7 $14) 21. g4 $1 $16 {[%cal Bg2g4,Bg4g5][%mdl 32] Black must now prevent Nxf6!} a4 {[#]} 22. g5 $1 axb3 23. cxb3 (23. gxh6 bxc2+ 24. Kxc2 Ra2 $19) 23... d5 $2 {[%mdl 8192]} (23... fxg5 $16 {is tougher.} 24. f6+ Kd7) 24. Qg3 $18 {White is clearly winning.} (24. gxh6 dxe4 25. Qc2 Qa5 $19) ({Don't take} 24. gxf6+ $2 Kf8 25. Qg3 dxe4 $19) (24. Nxf6 dxe4 25. Qc2 Bg7 26. Rxd8 Kxd8 $18) 24... dxe4 (24... d4 $142) 25. Bc4 ({Don't go for} 25. gxf6+ $2 Kf8 26. Bc4 e3 27. Qxe5 Bxh1 28. Rxh1 Re8 $19) 25... e3 {( -> ...Be4+)} 26. Nxf6 Qa5 {[#]} 27. Nd5+ $1 {[%mdl 512]} Bxd5 28. Qxe5+ Kf8 29. Rxd5 Rxd5 30. Qxd5 1-0

[Event "BL 2016-17"]
[Site "Germany"]
[Date "2017.02.19"]
[Round "8.3"]
[White "Kovacs, Gabor"]
[Black "Goloshchapov, Alexander"]
[Result "1/2-1/2"]
[WhiteElo "2457"]
[BlackElo "2585"]
[Annotator "TA RC"]
[PlyCount "131"]
[EventDate "2017.??.??"]
[EventType "team-tourn"]
[EventCountry "GER"]
[SourceTitle "playchess.com"]
[Source "ChessBase"]
[SourceQuality "1"]
[WhiteTeam "Speyer-Schwegenheim"]
[BlackTeam "SGT"]

{[%evp 28,131,-28,-31,-5,-10,-14,-8,-9,-10,-5,-18,-6,-1,-3,-14,-19,-23,-33,-28,-12,-12,-12,-12,-12,-12,-12,-12,-18,-19,-19,-27,-12,-20,-10,-19,-18,-26,-9,-9,-9,-9,-9,-9,-9,-9,-6,-5,-5,-5,0,0,0,0,0,0,0,0,0,-12,-10,-14,-6,-27,-27,-27,-28,-32,-68,-60,-8,-13,-16,-26,0,-8,-8,-8,0,0,0,-8,-8,-8,-8,-8,-8,-210,-210,-210,-210,-210,-210,-210,-210,-210,-210,-210,-210,-210,-210,-210,-210,-210,-210,-210]} 1. d4 d5 2. c4 c6 3. Nf3 Nf6 4. Nc3 e6 5. e3 Nbd7 6. Qc2 Bd6 7. b3 O-O 8. Be2 b6 9. O-O Bb7 10. e4 dxe4 11. Nxe4 Nxe4 12. Qxe4 Nf6 13. Qh4 c5 14. Bb2 Ne4 15. Qh5 {LiveBook: 5 Games} Qe7 16. Rad1 Rad8 17. Bd3 {The position is equal.} cxd4 18. Nxd4 g6 19. Qe2 Qh4 {[%csl Gd6][%cal Rh4h2] [#]} 20. Nf3 $1 {[%cal Rf3h4]} Qh5 {And now ...Nc3! would win.} 21. Ne5 ({Don't play} 21. Bxe4 Bxh2+ 22. Kh1 Bxe4 23. Qxe4 Be5+ 24. Kg1 Bxb2 $17) 21... Qxe2 22. Bxe2 f6 23. Nd3 Nc5 24. Nxc5 Bxc5 25. Rxd8 Rxd8 26. Rd1 Rxd1+ 27. Bxd1 $11 {[%mdl 4096] Endgame KBB-KBB} e5 28. Bc2 Kf7 29. Kf1 Ke6 30. f3 f5 31. Ke2 h5 32. Bc3 a5 33. Bd2 Bc6 34. Bg5 Kd6 35. Bh6 Bd7 36. Bf8+ Kc6 37. Bg7 Bd6 38. Kd2 g5 39. h3 Bb4+ 40. Kd3 Kd6 41. Bf6 f4 42. Ke2 $1 g4 43. Bg6 gxh3 44. gxh3 Bxh3 45. Bd8 Bc5 46. Bxh5 Bf5 47. Be8 Bb1 48. a3 Ba2 ({Better is} 48... e4 $15 49. fxe4 Bxe4) 49. Ba4 Bd4 50. Bh4 Ke6 51. Kd2 e4 52. fxe4 f3 53. Kc2 Ke5 54. Bg3+ Kxe4 55. Bc6+ Ke3 {Threatens to win with ...f2.} 56. Bb5 f2 {[#]} 57. Bxf2+ $2 (57. c5 $1 $11 {[%mdl 512] and White stays safe.}) 57... Kxf2 $19 {Black is clearly better.} 58. Ba4 Ke3 59. Bb5 Ba1 60. Ba4 Kd4 61. Bb5 Kc5 62. Ba4 Bf6 63. Bb5 Bg7 64. Ba4 Be5 65. Bb5 Bf6 66. Ba4 1/2-1/2

[Event "BL 2016-17"]
[Site "Germany"]
[Date "2017.02.19"]
[Round "8.4"]
[White "Burg, Twan"]
[Black "Shirov, Alexei"]
[Result "1/2-1/2"]
[WhiteElo "2508"]
[BlackElo "2678"]
[Annotator "TA"]
[PlyCount "63"]
[EventDate "2017.??.??"]
[EventType "team-tourn"]
[EventCountry "GER"]
[SourceTitle "playchess.com"]
[Source "ChessBase"]
[SourceQuality "1"]
[WhiteTeam "Aufwärts Aachen"]
[BlackTeam "Baden-Baden"]

{[%evp 21,63,0,12,0,0,0,0,0,0,-2,15,15,23,22,31,9,12,7,18,0,66,60,56,54,54,54,60,64,64,46,63,37,49,25,35,33,38,0,0,0,38,0,0,0]} 1. e4 e5 2. Nf3 Nc6 3. Nc3 Nf6 4. d4 exd4 5. Nxd4 Bb4 6. Nxc6 bxc6 7. Bd3 d5 8. exd5 cxd5 9. O-O O-O 10. h3 Be6 11. Qf3 c5 {[%cal Bc7c5,Bc5c4][%mdl 32] LiveBook: 4 Games} 12. Bg5 h6 13. Bh4 Bxc3 14. bxc3 c4 15. Bf5 Bxf5 16. Qxf5 Qc8 17. Qxc8 Rfxc8 18. f3 Nh5 19. Bf2 Nf4 20. Rfe1 Rab8 (20... Rcb8 $11) 21. Bxa7 $14 Rb2 22. Be3 g5 23. Bxf4 gxf4 {[%mdl 4096] Endgame KRR-KRR} 24. Re2 Ra8 25. a4 Ra5 26. Kf2 Rb6 27. g3 fxg3+ 28. Kxg3 Kg7 29. Re5 Rb2 30. Re2 Rb6 31. Re5 Rb2 32. Re2 1/2-1/2

[Event "BL 2016-17"]
[Site "Germany"]
[Date "2017.02.19"]
[Round "8.4"]
[White "Gonda, Laszlo"]
[Black "Shytaj, Luca"]
[Result "1/2-1/2"]
[WhiteElo "2487"]
[BlackElo "2452"]
[Annotator "TA"]
[PlyCount "73"]
[EventDate "2017.??.??"]
[EventType "team-tourn"]
[EventCountry "GER"]
[SourceTitle "playchess.com"]
[Source "ChessBase"]
[SourceQuality "1"]
[WhiteTeam "SG Trier"]
[BlackTeam "Speyer-Schwegenheim"]

{[%evp 13,73,28,43,-4,40,0,33,25,37,24,28,17,25,15,59,53,64,50,52,41,68,37,60,46,69,39,70,46,53,47,43,0,42,29,44,36,56,32,54,56,58,36,68,46,46,46,44,43,45,18,30,27,17,16,43,10,47,48,47,0,0,-66]} 1. g3 d5 2. Nf3 Bg4 3. Bg2 c6 4. c4 Bxf3 5. Bxf3 e6 6. O-O Be7 7. Qc2 Nf6 {LiveBook: 3 Games} 8. b3 O-O 9. Bb2 a5 10. d4 Nbd7 11. Nc3 Nb6 12. c5 Nbd7 13. Na4 Ne8 14. Bg2 {[%cal Bf3g2,Bg2f1,Bf1d3][%mdl 32]} Nc7 15. a3 Nb5 16. Rfd1 Qc7 17. e3 Rfb8 18. Bf1 Qc8 19. Rdc1 Nc7 20. Qd2 Qd8 21. Bc3 Nb5 22. Bb2 Nc7 23. Bd3 f5 24. Qe1 Ne8 25. Bc3 Nef6 26. f3 Qc7 27. Ra2 Rf8 28. Rca1 g6 29. b4 {[%cal Rb4a5]} axb4 30. axb4 e5 31. dxe5 Nxe5 32. Be2 Nfd7 33. Bd4 Bf6 34. Qc3 g5 35. f4 gxf4 36. gxf4 Ng6 $1 37. Nb6 (37. b5 $1 $11) 1/2-1/2

[Event "BL 2016-17"]
[Site "Germany"]
[Date "2017.02.19"]
[Round "8.5"]
[White "Naiditsch, Arkadij"]
[Black "Hoffmann, Michael"]
[Result "1-0"]
[WhiteElo "2702"]
[BlackElo "2465"]
[Annotator "TA"]
[PlyCount "59"]
[EventDate "2017.??.??"]
[EventType "team-tourn"]
[EventCountry "GER"]
[SourceTitle "playchess.com"]
[Source "ChessBase"]
[SourceQuality "1"]
[WhiteTeam "Baden-Baden"]
[BlackTeam "Aufwärts Aachen"]

{[%evp 24,59,-44,-52,-49,-81,-28,-39,-33,-30,-25,-37,-20,-21,-8,-33,0,-5,37,0,0,0,0,0,0,0,-6,-24,14,14,136,134,135,149,225,249,235,239]} 1. e4 c5 2. Nf3 d6 3. d4 cxd4 4. Nxd4 Nf6 5. Nc3 g6 6. g3 Nc6 7. Bg2 Nxd4 8. Qxd4 Bg7 9. O-O O-O 10. Qb4 a5 11. Qb3 Be6 12. Qxb7 Nd7 {[%cal Bf6d7,Bd7b6,Bb6a4,Ba4c3][%mdl 32]} 13. Qb5 {LiveBook: 3 Games} Rc8 14. Rd1 Rc5 (14... Bxc3 $17 15. bxc3 Rxc3) 15. Qe2 $11 {Black has an edge.} Bxc3 16. bxc3 Qc7 17. Bd2 $1 Nb6 {[%mdl 1024] Black has compensation.} 18. Be3 Rc4 19. Bf1 Rc8 20. Bd4 Na4 21. Qe3 Rc6 $1 (21... Nxc3 $6 22. Bxc4 Qxc4 23. Rd2 $16) 22. e5 {Strongly threatening exd6.} Nxc3 23. exd6 Rxd6 (23... exd6 $2 {[#]} 24. Bf6 $1 {[%mdl 512]} Kf8 25. Qh6+ Ke8 26. Re1 $18) 24. Rd2 f6 (24... Nxa2 $2 25. Be5 Qc5 {[#]} 26. Qxc5 $1 {[%mdl 512]} (26. Bxd6 exd6 27. Qxc5 Rxc5 $18) 26... Rxc5 27. Bxd6 exd6 28. c4 $18 (28. Rxd6 Rxc2 29. Ra6 Nb4 $18)) 25. Re1 {Threatens to win with Bxc3.} Nd5 ({Reject} 25... Bxa2 $6 26. Bh3 (26. Qxe7 Qxe7 27. Rxe7 Nb1 $11) 26... f5 27. Be5 $16 (27. Qxe7 Qxe7 28. Rxe7 Rcd8 29. Rg7+ Kf8 $15)) (25... Nxa2 $6 26. c4 Nb4 27. c5 $16) 26. Qh6 $36 {[%mdl 2048] White fights for an advantage.} Bf7 {[#]} (26... Nb4 $11) 27. Re4 $1 $16 {Rh4 is the strong threat.White is clearly better.} e5 {[#]} 28. Rxe5 $1 {[%mdl 512] Black must now prevent Re4.} fxe5 (28... Qd8 $16 {was called for.}) 29. Bxe5 $18 {[%csl Ge5][%cal Rh6g7]} Be6 30. c4 ({Less strong is} 30. Bxd6 Qxd6 31. c4 Rc5 $16) 1-0